[Event "Steinfurt Bezirksliga 1213"]
[Site "Germany"]
[Date "2012.10.27"]
[Round "2.4"]
[White "Hartmann, Viktor"]
[Black "Moeller, Hans Michael"]
[Result "1/2-1/2"]
[WhiteElo "1684"]
[BlackElo "1776"]
[PlyCount "56"]
[EventDate "2012.09.22"]
[EventType "team-tourn"]
[EventRounds "9"]
[EventCountry "GER"]
[SourceTitle "EXT 2015"]
[Source "ChessBase"]
[SourceDate "2014.11.20"]
[SourceVersion "1"]
[SourceVersionDate "2014.11.20"]
[SourceQuality "1"]
[WhiteTeam "Ibbenbueren II"]
[BlackTeam "Westerkappeln"]
[WhiteTeamCountry "GER"]
[BlackTeamCountry "GER"]

1. d4 e6 2. c4 f5 3. Nf3 Nf6 4. Nc3 b6 5. Bg5 Bb7 6. e3 Be7 7. Be2 d6 8. Qc2 Ne4 9. Bxe7 Qxe7 10. Rd1 Nd7 11. 0-0 0-0 12. d5 Nxc3 13. Qxc3 e5 14. b4 Nf6 15. Qc2 Bc8 16. h3 Bd7 17. Nd2 Qe8 18. Nb3 Ba4 19. c5 bxc5 20. bxc5 Ne4 21. c6 g6 22. Qc4 Bxb3 23. axb3 Qb8 24. b4 Qb6 25. Bd3 Rfb8 26. Bxe4 fxe4 27. Rb1 a5 28. Qxe4 axb4 1/2-1/2

[Event "Steinfurt Bezirksliga 1112"]
[Site "Germany"]
[Date "2012.06.02"]
[Round "9.7"]
[White "Jarvers, Hermann"]
[Black "Moeller, Hans Michael"]
[Result "1/2-1/2"]
[WhiteElo "1466"]
[BlackElo "1816"]
[PlyCount "58"]
[EventDate "2011.10.01"]
[EventType "team-tourn"]
[EventRounds "9"]
[EventCountry "GER"]
[SourceTitle "EXT 2013"]
[Source "ChessBase"]
[SourceDate "2012.11.22"]
[SourceVersion "1"]
[SourceVersionDate "2012.11.22"]
[SourceQuality "1"]
[WhiteTeam "Rheine SG"]
[BlackTeam "Westerkappeln"]
[WhiteTeamCountry "GER"]
[BlackTeamCountry "GER"]

1. d4 e6 2. c4 f5 3. Nc3 Nf6 4. Nf3 b6 5. Bg5 Be7 6. e3 Bb7 7. Bd3 0-0 8. Bxf6 Bxf6 9. Qc2 Nc6 10. a3 g6 11. h4 e5 12. dxe5 Nxe5 13. Nxe5 Bxe5 14. h5 Qf6 15. hxg6 Bxc3+ 16. bxc3 hxg6 17. 0-0-0 Bxg2 18. Rhg1 Bf3 19. Rde1 Rae8 20. Rg3 Be4 21. Reg1 Kf7 22. Rxg6 Qe5 23. Bxe4 Qxe4 24. Rg7+ Ke6 25. Qd1 Rf7 26. Rxf7 Kxf7 27. Qxd7+ Re7 28. Qd4 Qe5 29. Rh1 Kg6 1/2-1/2